000 00300nam a22001337a 4500
008 170405b xxu||||| |||| 00| 0 eng d
020 _a0895772213
041 _aeng
080 _a 574
100 _a9
101 _aSHM
245 _aMAGIC AND MEDICINE OF PLANTS
_cNOBELIS, I.N
942 _2udc
_cBK
999 _c9794
_d9794